| 000 | 00825nam a2200217 a 4500 | ||
|---|---|---|---|
| 001 | 000036614 | ||
| 003 | OSt | ||
| 005 | 20220321135113.0 | ||
| 008 | 210319b ||||| |||| 00| 0 spa d | ||
| 020 | _a9789945880526 | ||
| 040 |
_aDO-SdBNP _bspa _cBNPHU |
||
| 082 |
_axxx _bI43a |
||
| 100 | 1 |
_aInfante, María Isabel _937920 |
|
| 245 | 1 | 0 |
_aAspectos metodológicos de la alfabetización / _cMaría Isabel Infante, María Eugenia Letelier. |
| 260 |
_aSanto Domingo : _bOrganización de Estados Iberoamericanos para la Educación la Ciencia y la Cultura, _c2011. |
||
| 300 |
_a20 p. : _bil. ; _c29 cm. |
||
| 500 | _aIncluye notas al pie de las páginas | ||
| 700 | 1 |
_aLetelir, María Eugenia _962901 |
|
| 710 | 2 |
_aOrganización de Estados Iberoamericanos para la Educación, la Ciencia y la Cultura _929137 |
|
| 942 |
_2ddc _cLBS1 |
||
| 999 |
_c36105 _d36105 |
||